Một số chỉ tiêu đánh giá hiệu quả hoạt động kinh doanh của các doanh nghiệp nhà nước /

Wedi'i Gadw mewn:
Manylion Llyfryddiaeth
Prif Awdur: Trần Nhật Thiện
Fformat: Luận văn
Iaith:Vietnamese
Cyhoeddwyd: Đà Lạt : Trường Đại học Đà Lạt, 2003
Pynciau:
Tagiau: Ychwanegu Tag
Dim Tagiau, Byddwch y cyntaf i dagio'r cofnod hwn!
Thư viện lưu trữ: Thư viện Trường Đại học Đà Lạt
LEADER 00905nam a2200301 4500
001 DLU040026574
005 ##20021230
040 # # |a DLU  |b vie 
041 # # |a vie 
044 # # |a vn 
082 # # |a 330  |b TR-T 
100 # # |a Trần Nhật Thiện 
245 # # |a Một số chỉ tiêu đánh giá hiệu quả hoạt động kinh doanh của các doanh nghiệp nhà nước /  |c Trần Nhật Thiện 
260 # # |a Đà Lạt :  |b Trường Đại học Đà Lạt,  |c 2003 
300 # # |a 35 tr. ;  |c 29 cm 
504 # # |a Tài liệu tham khảo : tr. 35 
653 # # |a Doanh nghiệp nhà nước 
653 # # |a Kinh doanh 
915 # # |a Quản trị kinh doanh,  |c Đề tài nghiên cứu khoa học cấp trường 
992 # # |a 0 
994 # # |a DLU 
900 # # |a True 
911 # # |a Thái Thị Thanh Thủy 
925 # # |a G 
926 # # |a A 
927 # # |a LA 
980 # # |a Thư viện Trường Đại học Đà Lạt